000 00494nmm a2200169Ia 4500
008 251105s9999||||xx |||||||||||||||||und||
020 _a9789562825832
041 _aspa
100 _aIllanes, María Angélica
245 0 _aChile des-centrado
264 _a[Santiago de Chile, Chile] :
_bLOM Ediciones,
_c2003
300 _a502 páginas
490 _aHistoria
650 _aHistory of the Americas: Latin America
856 _uhttps://public.digitaliapublishing.com/a/13212
942 _cCF
999 _c94304
_d94304